LIBRARY & INFORMATION CENTRE, KCAET, TAVANUR

ONLINE PUBLIC ACCESS CATALOGUE (OPAC)

Design and development of tension - emitter (Record no. 15147)

MARC details
000 -LEADER
fixed length control field 00602nam a22001817a 4500
003 - CONTROL NUMBER IDENTIFIER
control field OSt
088 ## - REPORT NUMBER
Report number T 254
100 ## - MAIN ENTRY--AUTHOR NAME
Personal name JISHITHA RAVINDRAN
245 ## - TITLE STATEMENT
Title Design and development of tension - emitter
260 ## - PUBLICATION, DISTRIBUTION, ETC. (IMPRINT)
Place of publication Tavanur 2012
Name of publisher DEPARTMENT OF LAND &WATER RESOURCES AND CONSERVATION ENGINEERING
300 ## - PHYSICAL DESCRIPTION
Number of Pages 65
500 ## - GENERAL NOTE
General note Design and development of tension - emitter
520 ## - SUMMARY, ETC.
Summary, etc Design and development of tension - emitter
700 ## - ADDED ENTRY--PERSONAL NAME
Personal name Er. Vishnu B (Guide)
856 ## - ELECTRONIC LOCATION AND ACCESS
Uniform Resource Identifier https://drive.google.com/open?id=1_7iDcXcmuUFUTJFKCOv39enYA6UbW7Zg
942 ## - ADDED ENTRY ELEMENTS (KOHA)
Koha item type Theses
Holdings
Collection code Home library Current library Shelving location Full call number Accession Number Koha item type Public note
Reference KAUAET KAUAET Reference 631.7 JIS/DE T 254 Theses M.Tech Thesis
free website counter